[Event "South America-ch (Women)"]
[Site "Lima"]
[Date "2023.09.18"]
[Round "5"]
[White "Valenzuela Reinoso, Safrys"]
[Black "Barros Jardi Arce, Sarai"]
[Result "0-1"]
[WhiteElo "1243"]
[BlackElo "1381"]
[PlyCount "132"]
[EventDate "2023.09.14"]
[EventType "swiss"]
[EventRounds "9"]
[EventCountry "PER"]
[SourceTitle "EXT 2024"]
[Source "ChessBase"]
[SourceDate "2023.10.10"]
[SourceVersion "1"]
[SourceVersionDate "2023.10.10"]
[SourceQuality "1"]

1. d4 Nf6 2. Nf3 b6 3. g3 Bb7 4. Bg2 e6 5. 0-0 c5 6. e3 Be7 7. c4 d5 8. Ne5 Nbd7 9. f4 0-0 10. Nc3 cxd4 11. Qxd4 Nc5 12. b4 Na6 13. a3 Nc7 14. Rd1 Qc8 15. cxd5 Ncxd5 16. Nxd5 Bxd5 17. Bxd5 Nxd5 18. Bb2 f6 19. Ng4 Rd8 20. Qe4 Bf8 21. Nf2 Re8 22. Rac1 Qd7 23. f5 Rad8 24. Qc4 Qb7 25. Qc6 Qxc6 26. Rxc6 exf5 27. Bc1 Rc8 28. Rxc8 Rxc8 29. Rxd5 Rxc1+ 30. Kg2 Rc3 31. Rd3 Rxd3 32. Nxd3 Bd6 33. Nf4 Bxf4 34. exf4 Kf7 35. Kf3 Ke6 36. Ke3 Kd5 37. Kd3 b5 38. h3 g5 39. h4 gxh4 40. gxh4 h5 41. Kd2 Ke4 42. Kc3 a6 43. Kd2 Kxf4 44. Kd3 Kg3 45. Kd4 f4 46. Kc5 f3 47. Kb6 f2 48. Kxa6 f1Q 49. Ka5 f5 50. a4 bxa4 51. Kxa4 f4 52. b5 Qxb5+ 53. Kxb5 f3 54. Kc4 f2 55. Kd3 f1Q+ 56. Ke4 Qf3+ 57. Kd4 Kf4 58. Kc4 Qe3 59. Kd5 Kf5 60. Kd6 Qe5+ 61. Kc6 Ke6 62. Kb6 Qd5 63. Ka6 Qb3 64. Ka7 Kd6 65. Ka6 Kc6 66. Ka7 Qb7# 0-1

[Event "PER-ch (Women)"]
[Site "Lima"]
[Date "2023.09.01"]
[Round "5"]
[White "Valenzuela Reinoso, Safrys"]
[Black "Nole Alvarez, Antuannet Huguette"]
[Result "0-1"]
[WhiteElo "1141"]
[BlackElo "1209"]
[PlyCount "56"]
[EventDate "2023.08.29"]
[EventType "swiss"]
[EventRounds "9"]
[EventCountry "PER"]
[SourceTitle "EXT 2024"]
[Source "ChessBase"]
[SourceDate "2023.10.10"]
[SourceVersion "1"]
[SourceVersionDate "2023.10.10"]
[SourceQuality "1"]

1. d4 d5 2. Nf3 Bf5 3. e3 e6 4. c4 c6 5. Nc3 Nf6 6. cxd5 cxd5 7. Bb5+ Nbd7 8. 0-0 Bd6 9. Re1 0-0 10. a3 a6 11. Bd3 Ne4 12. Qc2 Rc8 13. Bd2 Ndf6 14. h3 Qe7 15. Bxe4 Nxe4 16. Qb3 b5 17. Rec1 Qf6 18. Re1 Bxh3 19. Nxe4 dxe4 20. Ne5 Qg5 21. g3 Bxe5 22. dxe5 Bg4 23. f4 Qh5 24. Rf1 Qh3 25. Be1 Bf3 26. Rxf3 exf3 27. Qc2 Rxc2 28. Bf2 Qg2# 0-1